01373nam a22002177a 450000500170000000800410001702000180005804000070007604100120008308200250009510000200012024500410014026000430018130000300022436500570025452007470031165000140105865000200107265000410109270000220113320221230095223.0221230b ||||| |||| 00| 0 eng d a9788175994478 cAL aEnglish 223a306.362092bNORT aSolomon Northup aTwelve Years A Slave : A True Story  aNew DelhibFinger Print Classicsc2022 a255 p.bPBc19.5x12.5 cm. aVBI-1675b₹149.00c₹d₹199.00e25%f19-12-2022 aAND WHAT DIFFERENCE IS THERE IN THE COLOUR OF THE SOUL? A hardworking farmer and an exceptional fiddler, Solomon Northup is born a free man of colour. He lives happily with his wife and children in Saratoga County, New York, until the day an employment offer at a circus changes his life. Tricked, drugged, and kidnapped, Northup gets sold as a slave. And for the twelve years that follow, he lives in bondage under different masters . . . A heart-rending memoir chronicling his fight for survival and freedom, Northup’s Twelve Years A Slave is one of the best slave narratives ever written. It was adapted into a historical drama film of the same name in 2013, which went on to win the Golden Globe Award for Best Motion Picture – Drama. aLouisiana aPlantation life aSlaves -- United States -- Biography aNORTHUP (Solomon)